02180nam a22002897a 4500999001300000003000400013005001700017008004100034040002800075090002400103100004900127245023800176260003600414300003200450502020300482504005300685505055300738650005201291650006401343700004701407700003401454700002701488830010301515942001001618952013101628952013101759 c309d309OSt20190404203307.0160229b xxu||||| |||| 00| 0 esp d cDO-SdBHAaDO-SdBHAbspa aTG EGESb00292 20101 aTorres Ortíz, José Alberto esustentante10aAnálisis sobre la integración de las Fuerzas Armadas Dominicana en las Operaciones Internacionales contra el Narcotráfico / cJosé Alberto Torres Ortíz; Miguel Angel Ramos Brito ; asesores Vicente Mota Medina, Fanny Torres aSanto Domingo :bINSUDE, c2010 a94 páginas, ilustraciones aTesis (Especialidad en Comando y Estado Mayor Conjunto). -- Instituto Superior para la Defensa (INSUDE). Escuela de Graduados de Educación Superior “General Juan Pablo Duarte y Díez”, 2010. aIncluye referencias bibliográficas e índices aIntegración de las FFAA en operaciones internacionales de lucha contra el narcotráfico, según la política y las necesidades de seguridad regional. -- Bases legales que permitan la integración de las FFAA en las operaciones internacionales de lucha contra el narcotráfico. -- Instituciones militares y gubernamentales que llevan a cabo operaciones multinacionales en el combate contra el narcotráfico. -- Propuesta con los elementos del diseño de un plan de intervención a nivel de FFAA que facilite llevar a cabo las operaciones  4aFuerzas Armadas -- Narcotráfico -- Controles  4aFuerzas Armadas -- Narcotráfico -- República Dominicana1 aRamos Brito, Miguel Angel esustentante1 aMota Medina, Vicente easesor1 aTorres, Fannyeasesor  aINSUDE. Instituto de Graduados en Altos Estudios Estratégico. Tesis y disertaciones académicas 2CLcT 00102CL40718TGaBJHAbBJHAd2016-02-29i10-00292l0oTG EGES 00292 2010p10-00292r2018-10-06 00:00:00te.1w2016-02-29yT 00102CL40718TGaBJHAbBJHAd2016-02-29i10-00293l0oTG EGES 00292 2010p10-00293r2018-10-06 00:00:00te.2w2016-02-29yT